Влияние способа приготовления наплавочного порошка на структуру азотсодержащих покрытий, сформированных электронно-лучевой наплавкой с целью повышения эксплуатационной стойкости конструкционных сталей; Новые материалы. Создание, структура, свойства - 2006

Bibliographische Detailangaben
Parent link:Новые материалы. Создание, структура, свойства - 2006.— 2006.— С. 84-88
1. Verfasser: Иванова Е. А. Елена Анатольевна
Weitere Verfasser: Наркевич Н. А.
Sprache:Russisch
Veröffentlicht: 2006
Schlagworte:
Format: MixedMaterials Buchkapitel
KOHA link:https://koha.lib.tpu.ru/cgi-bin/koha/opac-detail.pl?biblionumber=276914

MARC

LEADER 00000naa2a2200000 4500
001 276914
005 20260119090433.0
035 |a (RuTPU)RU\TPU\book\300187 
035 |a RU\TPU\tpu\26085 
090 |a 276914 
100 |a 20141127d2006 k y0rusy50 ca 
101 0 |a rus 
102 |a RU 
200 1 |a Влияние способа приготовления наплавочного порошка на структуру азотсодержащих покрытий, сформированных электронно-лучевой наплавкой с целью повышения эксплуатационной стойкости конструкционных сталей  |f Е. А. Иванова, Н. А. Наркевич 
320 |a Библиогр.: с. 87-88 (10 назв.) 
463 0 |0 (RuTPU)RU\TPU\book\114156  |t Новые материалы. Создание, структура, свойства - 2006  |o труды VI Всероссийской школы-семинара с международным участием, Томск, 13-15 июня 2006 г.  |f Сибирское отделение РАН  |v С. 84-88  |d 2006 
610 1 |a труды учёных ТПУ 
700 1 |a Иванова  |b Е. А.  |c специалист в области материаловедения  |c доцент Томского политехнического университета, кандидат технических наук  |f 1982-  |g Елена Анатольевна  |3 (RuTPU)RU\TPU\pers\33037  |9 16871 
701 1 |a Наркевич  |b Н. А. 
801 1 |a RU  |b 63413507  |c 20141107 
801 2 |a RU  |b 63413507  |c 20151217  |g RCR 
942 |c BK